000 00760nam a2200265 a 4500
001 954
003 BR-CuiBMT
005 20231123221053.0
008 231113s2006 spba 000 0 por d
020 _a8573591285
040 _aBR-CuiBMT
_cBR-CuiBMT
080 _a005.913
_22007
090 _a005.913
_bA994s
_c6. ed.
100 1 _aAzevedo, Ivanize
245 1 0 _aSecretária :
_bum guia prático /
_cIvanize Azevedo, Sylvia Ignacio da Costa.
250 _a6. ed.
260 _aSão Paulo :
_bEd. SENAC,
_c2006.
300 _a188 p. :
_bil. ;
_c21 cm
504 _aInclui bibliografia.
650 _aPrática de escritório
650 _aSecretárias
650 _aSecretária
_xÉtica profissional
710 1 _aCosta, Sylvia Ignacio da
942 _2udc
_cLV
999 _c954
_d954